LEADER 01187nam0 2200289 i 450 001 VAN0069449 005 20090429120000.0 010 $a88-14-13606-8 100 $a20090429d2007 |0itac50 ba 101 $aita 102 $aIT 105 $a|||| ||||| 200 1 $aˆI ‰servizi sociali tra universalismo e selettività$fAnnalisa Gualdani 210 $aMilano$cGiuffrè$dc2007 215 $aVIII, 318 p.$d24 cm. 410 1$1001VAN0069305$12001 $aCollana di studi$fUniversità di Siena, Facoltà di giurisprudenza, Dipartimento di diritto pubblico$1210 $aMilano$cGiuffrè.$v8 606 $aServizi sociali$3VANC003166$2FI 620 $dMilano$3VANL000284 676 $a344.03$v21 700 1$aGualdani$bAnnalisa$3VANV054800$0498275 712 $aGiuffrè $3VANV109181$4650 801 $aIT$bSOL$c20230616$gRICA 899 $aBIBLIOTECA DEL DIPARTIMENTO DI GIURISPRUDENZA$1IT-CE0105$2VAN00 912 $aVAN0069449 950 $aBIBLIOTECA DEL DIPARTIMENTO DI GIURISPRUDENZA$d00CONS IV.Eo.42 $e00BFG1407 20090429 996 $aServizi sociali tra universalismo e selettività$9806675 997 $aUNICAMPANIA